Statistics for General Knowledge True False #5

Click here to take the quiz!

General Stats

  • This quiz has been taken 21,931 times
  • The average score is 11 of 15

Answer Stats

QuestionAnswer% Correct
Mangoes grow on treesTrue
94%
Usain Bolt won an Olympic gold medal in the long jumpFalse
85%
Kayak is a palindromeTrue
83%
The jellyfish is a type of fishFalse
82%
Giant clams are a real animal, and they can grow to over 1 meter in sizeTrue
81%
There has never been a single recorded case of wolves killing a humanFalse
80%
Talc is an element of the periodic tableFalse
76%
Coral is an animalTrue
76%
The Outer Hebrides are located in outer spaceFalse
71%
Jesus told his followers it is wrong to pay taxesFalse
69%
Football stars Ronaldo and Cristiano Ronaldo grew up speaking the same languageTrue
69%
Mystery writer Agatha Christie was murdered - and the crime was never solvedFalse
68%
The inventor of Bitcoin has not been definitively identifiedTrue
68%
The Mediterranean Sea is larger than the world's largest lakeTrue
60%
Balsamic vinegar got its name because it is aged in balsam wood barrelsFalse
33%

Score Distribution

Percentile by Number Answered

Percent of People with Each Score

Your Score History

You have not taken this quiz